000 00792nam a2200241Ia 4500
003 OSt
005 20220923221120.0
006 a|||||r|||| 00| 0
007 ta
008 220922b |||||||| |||| 00| 0 hin d
024 _a195,346
037 _cTextual
040 _aARTS
_cARTS
_bhin
041 _2hin
_ahin
082 _aR3x, 152M1
100 _aवर्मा, अशोक कुमार
_9156273
245 0 _aसंक्षिप्त सामान्य दर्शन
246 _aSankṣpunta sāmānya darshana
260 _aदिल्ली
_b मोतीलााल बनारसीदास
_c1981
300 _a247पृ.
_ccm.
942 _hR3x, 152M1
_cTEXL
_2CC
999 _c347556
_d347556